000 00704nam a2200289Ia 4500
005 20260324133505.0
008 008 260324s9999 xx 000 0 eng d
020 _a9781003554479
037 _aEBOOK
040 _aCRL
040 _beng
040 _cCRL
041 _2eng
041 _aeng
084 _qCRL
100 _aHenry Walter Bates; David Knight
_91193297
245 4 _aThe Naturalist on the River Amazons Vol II
245 0 _bScientific Travellers VI
260 _bTaylor and Francis
260 _c2003
365 _a
365 _b450
856 _uhttp://www.taylorfrancis.com/books/9781003554479
942 _cEBOOK
999 _c1792367
_d1792367